Plano general del Ciudad de México (Record no. 4181)

MARC details
000 -CABECERA
campo de control de longitud fija 00908nam a2200265 a 4500
001 - NÚMERO DE CONTROL
campo de control BRCA_4475
005 - FECHA Y HORA DE LA ÚLTIMA TRANSACCIÓN
campo de control 20190320204702.0
008 - DATOS DE LONGITUD FIJA--INFORMACIÓN GENERAL
campo de control de longitud fija 090910s1869----mx-b######---#000-0#spa-#
041 ## - CÓDIGO DE LENGUA
Código de lengua del texto/banda sonora o título independiente spa
044 ## - CÓDIGO DEL PAÍS DE LA ENTIDAD EDITORA/PRODUCTORA
Código MARC del país mx
050 #4 - SIGNATURA TOPOGRÁFICA DE LA BIBLIOTECA DEL CONGRESO
Número de clasificación G1549.M4
Número de documento/Ítem .P53 1 1869
245 10 - MENCIÓN DE TÍTULO
Título Plano general del Ciudad de México
Medio material cartográfico
Resto del título 1869.
260 ## - PUBLICACIÓN, DISTRIBUCIÓN, ETC.
Lugar de publicación, distribución, etc. México
Nombre del editor, distribuidor, etc. Lito.ª de V. Debray
Fecha de publicación, distribución, etc. 1869
300 ## - DESCRIPCIÓN FÍSICA
Extensión 2 mapas sobre un pliego
Otras características físicas il. a color
Dimensiones 167 x 87 cm., pleg. 30 x 22 cm.
500 ## - NOTA GENERAL
Nota general Estado físico: mapa deteriorado
500 ## - NOTA GENERAL
Nota general Demarcación de manzanas que comprenden los 9 cuarteles mayores y los 33 menores
500 ## - NOTA GENERAL
Nota general Escala del distrito 1000 v.s
500 ## - NOTA GENERAL
Nota general Mapa inventariado por Banco de México como libro
500 ## - NOTA GENERAL
Nota general Ejemplar igual a CC9
500 ## - NOTA GENERAL
Nota general CC8
650 14 - PUNTO DE ACCESO ADICIONAL DE MATERIA--TÉRMINO DE MATERIA
Término de materia o nombre geográfico como elemento de entrada Mapas
Subdivisión cronológica 1869
Subdivisión geográfica México
9 (RLIN) 11341
650 14 - PUNTO DE ACCESO ADICIONAL DE MATERIA--TÉRMINO DE MATERIA
Término de materia o nombre geográfico como elemento de entrada México
Subdivisión general Historia
Subdivisión cronológica 1867-1910
9 (RLIN) 11342
902 ## - CATALOGADOR
Iniciales GFM
942 ## - ELEMENTOS DE PUNTO DE ACCESO ADICIONAL (KOHA)
Fuente del sistema de clasificación o colocación Library of Congress Classification
Tipo de ítem Koha Libros
Holdings
Estado de retiro Estado de pérdida Estado dañado No para préstamo Localización permanente Ubicación/localización actual Fecha de adquisición Número de inventario Total de préstamos Signatura topográfica completa Código de barras Fecha visto por última vez Precio válido a partir de Tipo de ítem Koha
El ejemplar forma parte de la colección y puede ser consultado según las políticas vigentes.       Biblioteca del Museo Franz Mayer (Rogerio Casas-Alatriste) Biblioteca del Museo Franz Mayer (Rogerio Casas-Alatriste) 08/09/2010 CC8   G1549.M4 .P53 1 1869 (CC8) 4472 22/03/2019 22/03/2019 Libros